000 00245nam a2200109Ia 4500
008 200302s9999 xx 000 0 und d
100 _aMills and Heather
245 _aBasic Carpentry
260 _b0xmoor house
260 _c1999
300 _a111p.,
999 _c1730
_d1730